Odd or Even Minefield Quiz Stats

 Plays Quiz Updated Sep 11, 2014

Support Sporcle.
Go Orange.
Score 0/66 Timer 01:00
9 Plays Today
Number (O)dd or (E)ven % Correct
3???
80.1%
337???
58.2%
119???
58.2%
89???
58.2%
44???
58.2%
20???
58.2%
911???
58.1%
101???
58.1%
811???
58.1%
99???
58.1%
239???
58.1%
901???
58.1%
44???
58.1%
777???
58.1%
668???
58.1%
22???
58%
897???
58%
66???
58%
207???
58%
971???
58%
4???
58%
323???
58%
455???
58%
34???
58%
102???
58%
907???
58%
667???
58%
991???
58%
211???
58%
343???
58%
81???
58%
121???
58%
89???
57.9%
Number (O)dd or (E)ven % Correct
123???
57.9%
111???
57.9%
222???
57.9%
9???
57.9%
996???
57.9%
10???
57.9%
66???
57.9%
555???
57.8%
247???
57.8%
32???
57.8%
102???
57.8%
233???
57.8%
20???
57.8%
1???
57.8%
33???
57.8%
889???
57.8%
99???
57.7%
45???
57.7%
5???
57.7%
34???
57.7%
886???
57.7%
65???
57.6%
85???
57.6%
112???
57.6%
88???
57.6%
565???
57.5%
100???
57.5%
780???
57.5%
225???
57.5%
876???
57.4%
996???
57.2%
456???
57.2%
556???
57.2%

From the Vault

206 Human Bones

by DanRoc

Science 10m
This quiz is going to get under your skin.
Remove Ads.
Support Sporcle.
Get the best of Sporcle when you Go Orange. This ad-free experience offers more features, more stats, and more fun while also helping to support Sporcle. Thank you for becoming a member.

Show Comments

Extras

Top Quizzes Today


Score Distribution

Your Account Isn't Verified!

In order to create a playlist on Sporcle, you need to verify the email address you used during registration. Go to your Sporcle Settings to finish the process.

Report this User

Report this user for behavior that violates our Community Guidelines.

Details: